|
|
|
|
| LEADER |
00000nam2a2200000 4500 |
| 001 |
14833 |
| 005 |
20231101204956.0 |
| 010 |
|
|
|a 5691004522
|
| 035 |
|
|
|a (RuTPU)RU\TPU\book\14932
|
| 035 |
|
|
|a BOOK00015001
|
| 090 |
|
|
|a 14833
|
| 100 |
|
|
|a 20011209d2000 m y0rusy50 ca
|
| 101 |
0 |
|
|a rus
|
| 102 |
|
|
|a RU
|
| 105 |
|
|
|a a j 000zy
|
| 200 |
0 |
|
|a Ч. 2: Античность
|
| 210 |
|
|
|d 2000
|
| 215 |
|
|
|a 479 с.
|c ил.
|
| 461 |
|
1 |
|0 (RuTPU)RU\TPU\book\64697
|y 5-691-00451-4
|t История Древнего мира
|o учебник
|o в 2 ч.
|f А. И. Немировский
|v Ч. 2: Античность
|d 2000-
|s Учебник для вузов
|
| 606 |
1 |
|
|a Античный мир
|x История
|2 stltpush
|3 (RuTPU)RU\TPU\subj\58980
|9 76652
|
| 610 |
1 |
|
|a история
|
| 610 |
1 |
|
|a Древний мир
|
| 610 |
1 |
|
|a античная история
|
| 610 |
1 |
|
|a римские императоры
|
| 610 |
1 |
|
|a политика
|
| 610 |
1 |
|
|a наука
|
| 610 |
1 |
|
|a культура
|
| 610 |
1 |
|
|a римское право
|
| 610 |
1 |
|
|a учебники
|
| 610 |
1 |
|
|a Древний Рим
|
| 610 |
1 |
|
|a Римская республика
|
| 686 |
|
|
|a Т3(0)32я7
|v LBC/SL-A
|2 rubbk
|
| 801 |
|
0 |
|a RU
|b 63413507
|c 20011209
|g PSBO
|
| 801 |
|
2 |
|a RU
|b 63413507
|c 20230324
|g PSBO
|
| 900 |
|
|
|a История мировой цивилизации
|
| 942 |
|
|
|c BK
|
| 952 |
|
|
|a 520000
|b 020000
|